
Library Catalogue

| 000 -LEADER | |
|---|---|
| fixed length control field | 02786cam a22003375i 4500 |
| 001 - CONTROL NUMBER | |
| control field | 21876099 |
| 003 - CONTROL NUMBER IDENTIFIER | |
| control field | OSt |
| 005 - DATE AND TIME OF LATEST TRANSACTION | |
| control field | 20220803163826.0 |
| 008 - FIXED-LENGTH DATA ELEMENTS--GENERAL INFORMATION | |
| fixed length control field | 210122s2021 ilu 000 0 eng |
| 010 ## - LIBRARY OF CONGRESS CONTROL NUMBER | |
| LC control number | 2021931195 |
| 020 ## - INTERNATIONAL STANDARD BOOK NUMBER | |
| International Standard Book Number | 9781912808472 |
| Qualifying information | (paperback) |
| 020 ## - INTERNATIONAL STANDARD BOOK NUMBER | |
| Canceled/invalid ISBN | 9781912808489 |
| Qualifying information | (pdf) |
| 020 ## - INTERNATIONAL STANDARD BOOK NUMBER | |
| Canceled/invalid ISBN | 9781912808830 |
| Qualifying information | (epub) |
| 040 ## - CATALOGING SOURCE | |
| Original cataloging agency | DLC |
| Language of cataloging | eng |
| Description conventions | rda |
| Transcribing agency | DLC |
| 042 ## - AUTHENTICATION CODE | |
| Authentication code | pcc |
| 082 ## - DEWEY DECIMAL CLASSIFICATION NUMBER | |
| Classification number | 346.5404 KAP |
| 100 1# - MAIN ENTRY--PERSONAL NAME | |
| Personal name | Kapila, Kriti, |
| Dates associated with a name | 1967- |
| Relator term | author. |
| 245 10 - TITLE STATEMENT | |
| Title | Nullius : |
| Remainder of title | The Anthropology of Ownership, Sovereignty, and the Law in India / |
| 263 ## - PROJECTED PUBLICATION DATE | |
| Projected publication date | 1111 |
| 264 #1 - PRODUCTION, PUBLICATION, DISTRIBUTION, MANUFACTURE, AND COPYRIGHT NOTICE | |
| Place of production, publication, distribution, manufacture | Chicago : |
| Name of producer, publisher, distributor, manufacturer | HAU Books, |
| Date of production, publication, distribution, manufacture, or copyright notice | 2021. |
| 300 ## - PHYSICAL DESCRIPTION | |
| Extent | pages cm |
| 336 ## - CONTENT TYPE | |
| Content type term | text |
| Content type code | txt |
| Source | rdacontent |
| 337 ## - MEDIA TYPE | |
| Media type term | unmediated |
| Media type code | n |
| Source | rdamedia |
| 338 ## - CARRIER TYPE | |
| Carrier type term | volume |
| Carrier type code | nc |
| Source | rdacarrier |
| 505 ## - FORMATTED CONTENTS NOTE | |
| Formatted contents note | Contents<br/>Acknowledgements vii;<br/>chapter 1;<br/>Nullius: An Introduction 1;<br/>chapter 2;<br/>The Promise of Law 25;<br/>chapter 3;<br/>The Truths of Dispossession 49;<br/>chapter 4;<br/>Terra Nullius: The Territory of Sovereignty 77;<br/>chapter 5;<br/>Res Nullius: The Properties of Culture 107;<br/>chapter 6;<br/>Corpus Nullius: The Labor of Sovereignty 129;<br/>chapter 7;<br/>Coda: The Illusion of Property 155;<br/>References 159;<br/>Index 185 |
| 520 ## - SUMMARY, ETC. | |
| Summary, etc. | "Nullius is an anthropological account of the troubled place of ownership and its consequences for social relations in India.The book provides a detailed study of three doctrinal paradigms where proprietary relations have been erased, denied, or misappropriated by the Indian state. It examines three instantiations of negation, where the Indian state de facto adopted the doctrines of terra nullius (in the erasure of indigenous title), res nullius (in acquiring museum objects), and, controversially,corpus nullius (in denying ownership of one's personhood in citizens' data collected through biometric identification). Nullius contends that even though property rights and ownership are a cornerstone of modern law, they are a spectral presence in the Indian case.Modern Indian law replicates a theologically rooted ambivalence towards accumulation-both of relations and possessions, at once safeguarding accumulation and making it suspect.This book will be of interest to scholars and students of the anthropology of the state, law, data, museums, legal history, intellectual property, cultural property, heritage, historical anthropology, and South Asia.It will also be of interest to non academics working in the fields of data,data ethics, cultural property, intellectual property, and museum collections"-- |
| Assigning source | Provided by publisher. |
| 650 ## - SUBJECT ADDED ENTRY--TOPICAL TERM | |
| Topical term or geographic name entry element | Property - Social Aspects |
| Form subdivision | Sovereignty - Moral and Ethical Aspects - India |
| 906 ## - LOCAL DATA ELEMENT F, LDF (RLIN) | |
| a | 0 |
| b | ibc |
| c | orignew |
| d | 2 |
| e | epcn |
| f | 20 |
| g | y-gencatlg |
| 942 ## - ADDED ENTRY ELEMENTS (KOHA) | |
| Source of classification or shelving scheme | Dewey Decimal Classification |
| Koha item type | BOOKs |
| Withdrawn status | Lost status | Source of classification or shelving scheme | Materials specified (bound volume or other part) | Damaged status | Not for loan | Home library | Current library | Shelving location | Date acquired | Source of acquisition | Cost, normal purchase price | Total Checkouts | Full call number | Barcode | Date last seen | Price effective from | Koha item type |
|---|---|---|---|---|---|---|---|---|---|---|---|---|---|---|---|---|---|
| Dewey Decimal Classification | PB | . | . | Anthropology Section | 03.08.2022 | Purchased | 2056.00 | 346.5404 KAP | 38809 | 03.08.2022 | 03.08.2022 | BOOKs |